| 000 | 00602nam a22001697a 4500 | ||
|---|---|---|---|
| 005 | 20251108164227.0 | ||
| 008 | 250721s1970 xx 000 0 ara d | ||
| 082 | 1 | 4 | _a781.15/ضيا |
| 100 | 1 | _aأبو الحب، ضياء الدين | |
| 245 | 1 | 0 |
_aالموسيقى و علم النفس : _bدراسة تحليليه لإستجابات الفئات الإكلينيكيه لإختبار إسقاطي موسيقي / |
| 264 | 1 |
_aبغداد : _bمطبعة التضامن، _c1970. |
|
| 300 | _a314ص | ||
| 650 | 1 | 7 | _aالموسيقى |
| 650 | 1 | 7 | _aعلم النفس |
| 942 |
_2ddc _cBK |
||
| 999 |
_c6867 _d6867 |
||